| 000 | 00732nam a2200217 a 4500 | ||
|---|---|---|---|
| 001 | 0978 | ||
| 005 | 20140414132145.0 | ||
| 008 | 041008s19uu xx 00 eng d | ||
| 020 | _a0-590-76961-8 | ||
| 050 |
_aKIT (SER) 591.734 _bC16 1998 |
||
| 100 | _aCanizares, Susan | ||
| 245 |
_aWho lives in the rainforest? / _cSusan Canizares, Mary Reid. |
||
| 260 |
_aNew York : _bScholastic, _c1998. |
||
| 300 | _ap. : ill. ; cm. | ||
| 440 | _aScience emergent readers | ||
| 500 | _a"Scholastic early childhood"--Includes index | ||
| 520 | _aPhotographs and simple text explore the variety of animals found in the Amazon rainforest. | ||
| 650 |
_aRain forest animals _xJuvenile literature. |
||
| 999 |
_c115412 _d115412 |
||